| 000 | 00855nam a22001697a 4500 | ||
|---|---|---|---|
| 008 | 090617t xxu||||| |||| 00| 0 eng d | ||
| 020 | _a0306307596 | ||
| 082 |
_222 _a003 _bSHU |
||
| 245 |
_aSymmetry in Science and Art/ _cA. V. Shubnikov and V. A. Koptsik; Translated from Russian by G. D. Archard; Edited by David Harker |
||
| 260 |
_aNew York: _bPlenum press, _c1974 |
||
| 300 | 4 |
_a420 p.: _bill.; _c24 cm. |
|
| 500 | _aThe original Russian text, published for the Order of the Workers' Red Banner Institute of Crystallography of the Academy of Sciences of the USSR by Nauka press in Moscow in 1972 | ||
| 504 | _aIncludes bibliographical references p.389-408 and index | ||
| 650 |
_96279 _a Symmetry (Art) |
||
| 942 |
_2ddc _cBB |
||
| 999 |
_c11859 _d11859 |
||